[Event "Leverkusen Bayer op 10th"]
[Site "Leverkusen"]
[Date "2012.03.28"]
[Round "7"]
[White "Roder, Stephan"]
[Black "Khananyev, Shalmi"]
[Result "1-0"]
[WhiteElo "1391"]
[BlackElo "1183"]
[PlyCount "72"]
[EventDate "2012.01.11"]
[EventType "swiss"]
[EventRounds "7"]
[EventCountry "GER"]
[SourceTitle "EXT 2014"]
[Source "ChessBase"]
[SourceDate "2013.11.20"]
[SourceVersion "1"]
[SourceVersionDate "2013.11.20"]
[SourceQuality "1"]

1. e4 c5 2. Bc4 g6 3. Nf3 Bg7 4. Nc3 d6 5. 0-0 e6 6. d3 Nc6 7. Bf4 a6 8. a3 Qe7 9. Rb1 Nf6 10. Qd2 Ng8 11. Rfe1 Qc7 12. Re2 h6 13. h3 g5 14. Bh2 Qe7 15. b4 cxb4 16. axb4 Qc7 17. b5 Nd4 18. Nxd4 Bxd4 19. bxa6 bxa6 20. Ra1 Ne7 21. Nb5 Qc5 22. Nxd6+ Kf8 23. Ra5 Qb6 24. Nxc8 Nxc8 25. Ra4 a5 26. c3 Bg7 27. e5 Qc6 28. Ra2 Nb6 29. Bb3 Nd7 30. Ba4 Qc7 31. Bxd7 Qxd7 32. c4 Qc7 33. f4 gxf4 34. Qxf4 Ke7 35. Reb2 Ra7 36. Rb5 Rd8 1-0

[Event "Leverkusen Bayer op 10th"]
[Site "Leverkusen"]
[Date "2012.02.22"]
[Round "4"]
[White "Rodewald, Horst"]
[Black "Khananyev, Shalmi"]
[Result "1/2-1/2"]
[WhiteElo "1309"]
[BlackElo "1183"]
[PlyCount "43"]
[EventDate "2012.01.11"]
[EventType "swiss"]
[EventRounds "7"]
[EventCountry "GER"]
[SourceTitle "EXT 2014"]
[Source "ChessBase"]
[SourceDate "2013.11.20"]
[SourceVersion "1"]
[SourceVersionDate "2013.11.20"]
[SourceQuality "1"]

1. e4 c5 2. Nf3 d6 3. Nc3 a6 4. Be2 g6 5. 0-0 Nc6 6. Nd5 e6 7. Nf4 Bg7 8. c3 Nf6 9. Bd3 e5 10. Nd5 Be6 11. Re1 Bxd5 12. exd5 Nxd5 13. Bc4 Nf6 14. d3 Qd7 15. Ng5 0-0 16. a3 d5 17. Ba2 b6 18. b3 Qd6 19. Kh1 Nd7 20. Nh3 f5 21. b4 Kh8 22. Bg5 1/2-1/2

[Event "Leverkusen Bayer op 10th"]
[Site "Leverkusen"]
[Date "2012.01.25"]
[Round "2"]
[White "Neuber, Max"]
[Black "Khananyev, Shalmi"]
[Result "1-0"]
[WhiteElo "825"]
[BlackElo "1183"]
[PlyCount "86"]
[EventDate "2012.01.11"]
[EventType "swiss"]
[EventRounds "7"]
[EventCountry "GER"]
[SourceTitle "EXT 2014"]
[Source "ChessBase"]
[SourceDate "2013.11.20"]
[SourceVersion "1"]
[SourceVersionDate "2013.11.20"]
[SourceQuality "1"]

1. e4 c5 2. Nc3 d6 3. Bb5+ Bd7 4. Qe2 a6 5. Bc4 e6 6. Nf3 g6 7. e5 f6 8. Qe4 d5 9. Nxd5 exd5 10. Qxd5 Qe7 11. Qxb7 Bc6 12. Qc8+ Qd8 13. Qe6+ Qe7 14. d3 Qxe6 15. Bxe6 Bxf3 16. gxf3 fxe5 17. Bg5 Nc6 18. 0-0-0 Rd8 19. Bxd8 Nxd8 20. Bc4 Bd6 21. Bxa6 Ne7 22. Rhg1 Rf8 23. Bb5+ Nec6 24. Rg3 Rf6 25. c4 Ke7 26. Re1 Ne6 27. Bxc6 Nd4 28. Re3 Nxc6 29. Rg4 Kf7 30. h4 Nd4 31. Rg3 Rf4 32. Rg4 Nxf3 33. Rxf4+ exf4 34. Rxf3 Kf6 35. Kc2 Kf5 36. Rh3 Kg4 37. Rh1 h5 38. Kc3 Be5+ 39. Kd2 Bxb2 40. Ke2 Bd4 41. f3+ Kg3 42. a4 Be3 43. Kf1 Bd2 1-0